El motin del "Caine" : (Registro nro. 34785)
[ vista simple ]
| 000 -CABECERA | |
|---|---|
| campo de control de longitud fija | 00505nam a2200157 a 4500 |
| 001 - NÚMERO DE CONTROL | |
| campo de control | 000035294 |
| 005 - FECHA Y HORA DE LA ÚLTIMA TRANSACCIÓN | |
| campo de control | 20200930074233.0 |
| 008 - DATOS DE LONGITUD FIJA--INFORMACIÓN GENERAL | |
| campo de control de longitud fija | 111027s1954 ag 000 0 spa d |
| 040 ## - FUENTE DE LA CATALOGACIÓN | |
| Centro catalogador/agencia de origen | DO-SdBNP |
| Lengua de catalogación | spa |
| Centro/agencia transcriptor | BNPHU |
| 082 ## - NÚMERO DE LA CLASIFICACIÓN DECIMAL DEWEY | |
| Número de clasificación | xxx |
| Número de documento/Ítem | W938m |
| 100 1# - ENTRADA PRINCIPAL--NOMBRE DE PERSONA | |
| Nombre de persona | Wouk, Herman |
| 9 (RLIN) | 61062 |
| 240 13 - TÍTULO UNIFORME | |
| Título uniforme | The Caine mutiny : A novel ofwar II |
| Lenguaje de la obra | español |
| 245 13 - MENCIÓN DE TÍTULO | |
| Título | El motin del "Caine" : |
| Resto del título | La novela de la segunda guerra mundial / |
| Mención de responsabilidad, etc. | Herman Wouk. |
| 260 ## - PUBLICACIÓN, DISTRIBUCIÓN, ETC. | |
| Lugar de publicación, distribución, etc. | Buenos Aires : |
| Nombre del editor, distribuidor, etc. | Ediciones Cenit, |
| Fecha de publicación, distribución, etc. | 1954. |
| 300 ## - DESCRIPCIÓN FÍSICA | |
| Extensión | 481 p. ; |
| Dimensiones | 23 cm. |
| Estado de retiro | Estado de pérdida | Restricciones de uso | No para préstamo | Código de colección | Localización permanente | Ubicación/localización actual | Ubicación en estantería | Fecha de adquisición | Número de inventario | Total de préstamos | Signatura topográfica completa | Código de barras | Fecha visto por última vez | Precio válido a partir de | Tipo de ítem Koha | Nota pública |
|---|---|---|---|---|---|---|---|---|---|---|---|---|---|---|---|---|
| Excluido de préstamo | Raros y valiosos | General | General | En catalogación | 27.10.2011 | LF1 | xxx W938m | 35294-10 | 25.06.2020 | 25.06.2020 | No se presta | Perteneció a la biblioteca personal de Juan Isidro Jimenes- Grullón |
